All change? (Record no. 78075)
[ view plain ]
| 000 -LEADER | |
|---|---|
| fixed length control field | 00999cab a2200301 4500 |
| 001 - CONTROL NUMBER | |
| control field | L135952 |
| 005 - DATE AND TIME OF LATEST TRANSACTION | |
| control field | 20250804133801.0 |
| 008 - FIXED-LENGTH DATA ELEMENTS--GENERAL INFORMATION | |
| fixed length control field | 061219q2006 000 0 eng eng d |
| 035 ## - SYSTEM CONTROL NUMBER | |
| System control number | (Sirsi) u135952 |
| 041 0# - LANGUAGE CODE | |
| Language code of text/sound track or separate title | eng |
| 100 1# - MAIN ENTRY--PERSONAL NAME | |
| Personal name | Stummer, Robin |
| 245 00 - TITLE STATEMENT | |
| Title | All change? |
| 490 #0 - SERIES STATEMENT | |
| Series statement | Cornerstone |
| 520 ## - SUMMARY, ETC. | |
| Summary, etc. | Focuses on historic architecture in a time of climate change, covering the latest research and shedding light on traditional know-how and new ways to adapt without destroying the past. Reviews recent updates in the law, and exposes environmental fears and fiction surrounding fine ancient materials. |
| 651 #4 - SUBJECT ADDED ENTRY--GEOGRAPHIC NAME | |
| Geographic name | United Kingdom |
| 690 ## - LOCAL SUBJECT ADDED ENTRY--TOPICAL TERM (OCLC, RLIN) | |
| Topical term or geographic name as entry element | BUILT ENVIRONMENT |
| 700 1# - ADDED ENTRY--PERSONAL NAME | |
| Personal name | Rich, Geoff |
| 700 1# - ADDED ENTRY--PERSONAL NAME | |
| Personal name | May, Neil |
| 700 1# - ADDED ENTRY--PERSONAL NAME | |
| Personal name | Oxley, Richard |
| 700 1# - ADDED ENTRY--PERSONAL NAME | |
| Personal name | Cassar, May |
| 700 1# - ADDED ENTRY--PERSONAL NAME | |
| Personal name | Gilmour, Nigel |
| 700 1# - ADDED ENTRY--PERSONAL NAME | |
| Personal name | Barbone, Carol |
| 700 1# - ADDED ENTRY--PERSONAL NAME | |
| Personal name | Lacey, Hester |
| 700 1# - ADDED ENTRY--PERSONAL NAME | |
| Personal name | Marks, Naomi |
| 700 1# - ADDED ENTRY--PERSONAL NAME | |
| Personal name | Mitchell-Rose, Colin |
| 700 1# - ADDED ENTRY--PERSONAL NAME | |
| Personal name | Wood, Chris |
| 942 ## - ADDED ENTRY ELEMENTS (KOHA) | |
| Suppress in OPAC | 0 |
| Source of classification or shelving scheme | Dewey Decimal Classification |
| Withdrawn status | Lost status | Source of classification or shelving scheme | Damaged status | Not for loan | Home library | Current library | Shelving location | Date acquired | Total Checkouts | Full call number | Barcode | Date last seen | Copy number | Price effective from | Koha item type |
|---|---|---|---|---|---|---|---|---|---|---|---|---|---|---|---|
| Dewey Decimal Classification | London | London | Journal article | 19/12/2006 | L135952 | 135952-1001 | 06/08/2019 | 1 | 06/08/2019 | Journal article |